Cette année-là: 1815 - Statistiques

Statistiques générales
  • Ce quiz a été pris 49 fois
  • Le résultat moyen est 5 sur 10
Statistiques - réponses
Indices Réponses % Correct
14 octobre: Arrivée de Bonaparte à ... Sainte-Hélène
81%
13 mars: Le congrès de vienne déclare l'empereur hors la loi c'est le début de la ... coalition septième
74%
Même jour: Nom de la période qui s'ouvre alors Les Cent-Jours
69%
9 juin: Signature de ce traité qui fixe les nouvelles frontières de l'Europe Traité de Vienne
55%
18 juin: Sic transit gloria mundi... Bataille de Waterloo
52%
22 juin: Mon père abdique en ma faveur, je ne régnerai pourtant jamais Napoléon II
45%
20 novembre: La France, occupée, est ramenée à ses frontières de ... 1790
43%
1er mars: Lieu où débarque Napoléon Golfe Juan
29%
15 juillet: Départ de l'Aigle de ... (Charente-inférieure) l'île d'Aix
21%
1er juillet: Ultime et méconnue victoire des troupes Françaises Bataille de Rocquencourt
2%
Aucun quiz correspondant
Distribution des résultats
% des personnes avec chaque résultat
Percentile par nombre de réponses
Votre historique - résultats
Vous n’avez pas pris ce quiz